000 00371nam a2200133Ia 4500
005 20260328101453.0
008 260328s9999||||xx |||||||||||||| ||und||
100 _ade Haro, Fernando
245 0 _aArquitectos Mexicanos :
_b Sencillez vanguardista /
_cFernando de Haro
260 _bArquitectos Editores Mexicanos
300 _a188 p.
650 _aARQUITECTOS
942 _cBK
999 _c8753
_d8753